000 00548nam a22001937a 4500
003 KOHA_MİRAKIL
005 20251111121102.0
008 251111b tu ||||| |||| 00| 0 tur d
020 _a9786052602799
040 _aTR-AnABB
_btur
_cTR-AnABB
041 _atur
082 _a891.862
_bCAP 2021
100 1 _aCapek, Karel,
245 1 0 _aR.U.R Rossum'un evrensel robotları /
_cKarel Capek
260 _aİstanbul :
_bNotaBene Yayınları,
_c2021
300 _a92 sayfa ;
_c20 cm
650 0 4 _aÇek edebiyatı, roman
942 _2ddc
_cBK
999 _c9345
_d9345
900 _bGizem YORULMAZ